<?xml version="1.0" encoding="UTF-8"?><?xml-stylesheet type="text/xsl" href="static/style.xsl"?><OAI-PMH xmlns="http://www.openarchives.org/OAI/2.0/" xmlns:xsi="http://www.w3.org/2001/XMLSchema-instance" xsi:schemaLocation="http://www.openarchives.org/OAI/2.0/ http://www.openarchives.org/OAI/2.0/OAI-PMH.xsd"><responseDate>2026-04-14T08:55:12Z</responseDate><request verb="GetRecord" identifier="oai:www.recercat.cat:20.500.12328/5141" metadataPrefix="marc">https://recercat.cat/oai/request</request><GetRecord><record><header><identifier>oai:recercat.cat:20.500.12328/5141</identifier><datestamp>2026-01-13T08:41:30Z</datestamp><setSpec>com_2072_67741</setSpec><setSpec>col_2072_484352</setSpec></header><metadata><record xmlns="http://www.loc.gov/MARC21/slim" xmlns:dcterms="http://purl.org/dc/terms/" xmlns:xsi="http://www.w3.org/2001/XMLSchema-instance" xmlns:doc="http://www.lyncode.com/xoai" xsi:schemaLocation="http://www.loc.gov/MARC21/slim http://www.loc.gov/standards/marcxml/schema/MARC21slim.xsd">
   <leader>00925njm 22002777a 4500</leader>
   <datafield ind2=" " ind1=" " tag="042">
      <subfield code="a">dc</subfield>
   </datafield>
   <datafield ind2=" " ind1=" " tag="720">
      <subfield code="a">Casariego Vales, Pedro</subfield>
      <subfield code="e">author</subfield>
   </datafield>
   <datafield ind2=" " ind1=" " tag="720">
      <subfield code="a">Casafont, M.</subfield>
      <subfield code="e">author</subfield>
   </datafield>
   <datafield ind2=" " ind1=" " tag="720">
      <subfield code="a">Ferrer, M.</subfield>
      <subfield code="e">author</subfield>
   </datafield>
   <datafield ind2=" " ind1=" " tag="720">
      <subfield code="a">Marimon, F.</subfield>
      <subfield code="e">author</subfield>
   </datafield>
   <datafield ind2=" " ind1=" " tag="260">
      <subfield code="c">2019-08</subfield>
   </datafield>
   <datafield ind2=" " ind1=" " tag="520">
      <subfield code="a">The article presents a study of self-supporting arched roofs made from trapezoidal sheets by press-forming a series of transverse corrugations. The study is particularly focused on the effect of these corrugations. To this end, a study has been made of trapezoidal sheets with and without transverse corrugations and the results compared. Three approaches have been considered: Finite Element Method (FEM), experimental tests, and analytical calculations carried out with the Yield Line Theory (YLT). In the first part of the present article, the results of analyses performed with a rather elaborate finite element model are shown, as well as being verified with experimental tests. The FEM results demonstrate that transverse corrugations can have an important effect on the behavior and ultimate strength of the sheets. In the second part, the YLT models developed in the companion article, on the analysis of flat trapezoidal sheets, are adapted to the arched roofs. These analytical models have proved effective in facilitating full understanding of the behavior of curved sheets, as well as predicting, approximately, the loss of strength caused by the transverse corrugations.</subfield>
   </datafield>
   <datafield ind1="8" ind2=" " tag="024">
      <subfield code="a">Casariego, P.; Casafont, M.; Ferrer, M. [et. al]. Analytical study of flat and curved trapezoidal cold formed steel sheets by means of the yield line theory. Part 2: Curved sheets with transverse corrugations. Thin-Walled Structures, 2019, 141, pp. 693-712. Disponible en: &lt;https://www.sciencedirect.com/science/article/abs/pii/S0263823118305615>. Fecha de acceso: 19 Nov 2025. DOI: 10.1016/j.tws.2018.12.018</subfield>
   </datafield>
   <datafield ind1="8" ind2=" " tag="024">
      <subfield code="a">0263-8231 / 1879-3223</subfield>
   </datafield>
   <datafield ind1="8" ind2=" " tag="024">
      <subfield code="a">http://hdl.handle.net/20.500.12328/5141</subfield>
   </datafield>
   <datafield ind1="8" ind2=" " tag="024">
      <subfield code="a">https://dx.doi.org/10.1016/j.tws.2018.12.018</subfield>
   </datafield>
   <datafield tag="653" ind2=" " ind1=" ">
      <subfield code="a">Curved trapezoidal sheeting</subfield>
   </datafield>
   <datafield tag="653" ind2=" " ind1=" ">
      <subfield code="a">Doubly corrugated sheets</subfield>
   </datafield>
   <datafield tag="653" ind2=" " ind1=" ">
      <subfield code="a">Finite Element Method</subfield>
   </datafield>
   <datafield tag="653" ind2=" " ind1=" ">
      <subfield code="a">Plastic mechanism</subfield>
   </datafield>
   <datafield tag="653" ind2=" " ind1=" ">
      <subfield code="a">Yield line theory</subfield>
   </datafield>
   <datafield tag="653" ind2=" " ind1=" ">
      <subfield code="a">Lámina trapezoidal curva</subfield>
   </datafield>
   <datafield tag="653" ind2=" " ind1=" ">
      <subfield code="a">Láminas de doble corrugado</subfield>
   </datafield>
   <datafield tag="653" ind2=" " ind1=" ">
      <subfield code="a">Método de elementos finitos</subfield>
   </datafield>
   <datafield tag="653" ind2=" " ind1=" ">
      <subfield code="a">Mecanismo de plástico</subfield>
   </datafield>
   <datafield tag="653" ind2=" " ind1=" ">
      <subfield code="a">Teoría de la línea de fluencia</subfield>
   </datafield>
   <datafield tag="653" ind2=" " ind1=" ">
      <subfield code="a">Làmines trapezoïdals corbes</subfield>
   </datafield>
   <datafield tag="653" ind2=" " ind1=" ">
      <subfield code="a">Làmines doblement corrugades</subfield>
   </datafield>
   <datafield tag="653" ind2=" " ind1=" ">
      <subfield code="a">Mètode dels elements finits</subfield>
   </datafield>
   <datafield tag="653" ind2=" " ind1=" ">
      <subfield code="a">Mecanisme de plàstic</subfield>
   </datafield>
   <datafield tag="653" ind2=" " ind1=" ">
      <subfield code="a">Teoria de la línia de rendiment</subfield>
   </datafield>
   <datafield ind2="0" ind1="0" tag="245">
      <subfield code="a">Analytical study of flat and curved trapezoidal cold formed steel sheets by means of the yield line theory. Part 2: Curved sheets with transverse corrugations</subfield>
   </datafield>
</record></metadata></record></GetRecord></OAI-PMH>